Les Alphonse célèbres - Statistiques

Statistiques générales
  • Ce quiz a été pris 114 fois
  • Le résultat moyen est 3 sur 8
Statistiques - réponses
Indice 1 Indice 2 Nom % Correct
écrivain (1840-1897) les lettres de mon moulin Daudet
99%
maréchal de France (1888-1967) son nom est celui d'un mois de notre calendrier Juin
79%
poète (1790-1869) le lac De Lamartine
76%
écrivain, humoriste (1854-1905) renommé pour ses calembours Allais
48%
écrivain (1925-2000) la métamorphose des cloportes Boudard
18%
criminologiste (1853-1914) Identification criminelle, anthropométrie judiciaire Bertillon
14%
boxeur (1932-2006), né à Oran champion du monde poids coqs (1957-1959) Halimi
11%
romancier, journaliste (1808-1890) sous les tilleuls Karr
3%
Aucun quiz correspondant
Distribution des résultats
% des personnes avec chaque résultat
Percentile par nombre de réponses
Votre historique - résultats
Vous n’avez pas pris ce quiz